| 000 | 00367nam a2200157Ia 4500 | ||
|---|---|---|---|
| 008 | 221030s9999 xx 000 0 und d | ||
| 020 | _a007445753 | ||
| 041 | _aEnglish | ||
| 082 |
_a105.23 _bJaw |
||
| 100 | _aW. S. Jawadekar | ||
| 245 | 0 | _aManagement Information Systems | |
| 260 |
_bTMH _aNew Delhi _c2005 |
||
| 300 | _a726 | ||
| 650 | _aMBA Computers | ||
| 942 | _cBK | ||
| 999 |
_c815 _d815 |
||